| 000 | 00580nam a22001577a 4500 | ||
|---|---|---|---|
| 003 | SGT | ||
| 020 | _a9789350716601 | ||
| 082 | _a336,SIN | ||
| 100 | _aSINGHANIA,VINOD,K | ||
| 245 | _aSTUDENTS' GUIDE TO INCOME TAX | ||
| 260 |
_aNEW DEKHI _bTAXMAN _c2015-16 |
||
| 300 | _aV.P | ||
| 650 | _aPUBLIC FINANCE | ||
| 653 | _aBASIC CONCEPTS THAT ONE MUST KNOW,RESIDENTIAL STATUS AND ITS ON TAX INCIDENCE,INCOME THAT IS EXEMPT FROM TAX,INCOME UNDER THE HEAD "SALARIES" AND ITS COMPUTATION,CLUBBING OF INCOME,HINDU UNDIVIDED FAMILIES,FIRMS AND AOP,RETURN OF INCOME | ||
| 942 |
_2ddc _cFCM _07 |
||
| 999 |
_c9226 _d9226 |
||